[Event "Chess.com Classic Div 2 W"]
[Site "chess.com INT"]
[Date "2024.05.10"]
[Round "1.1"]
[White "Aronian, Levon"]
[Black "Vidit, Santosh Gujrathi"]
[Result "1/2-1/2"]
[WhiteTitle "GM"]
[BlackTitle "GM"]
[WhiteElo "2730"]
[BlackElo "2722"]
[WhiteFideId "13300474"]
[BlackFideId "5029465"]
[EventDate "2024.05.10"]
[EventType "k.o."]

1. e4 e5 2. Nf3 Nc6 3. Bc4 Bc5 4. d3 Nf6 5. h3 d6 6. c3 a6 7. a4 Ba7 8. Nbd2 O-O
9. Bb3 Ne7 10. Nf1 Ng6 11. Ng3 h6 12. O-O Re8 13. Re1 Be6 14. d4 Bxb3 15. Qxb3
Qd7 16. Be3 exd4 17. Bxd4 Ne5 18. Nxe5 dxe5 19. Bxa7 Rxa7 20. Qc4 g6 21. Rad1
Qe7 22. Nf1 Raa8 23. Nd2 a5 24. Qb5 b6 25. Qc6 Qe6 26. Qxe6 Rxe6 27. Nc4 Kf8 28.
Ne3 Ree8 29. f3 Ke7 30. Kf2 Red8 31. Ke2 Ke6 32. h4 Nh5 33. Nd5 Nf4+ 34. Nxf4+
exf4 35. Rd4 c5 36. Rxd8 Rxd8 37. b3 f6 38. Rb1 h5 39. b4 cxb4 40. cxb4 Rd4 41.
bxa5 bxa5 42. Rb6+ Kf7 43. Rb7+ Kf8 44. Rb6 Kg7 45. Rb7+ Kg8 46. Rb6 Kf7 47.
Rb7+ Kf8 48. Rb6 Kf7 1/2-1/2

[Event "Chess.com Classic Div 2 W"]
[Site "chess.com INT"]
[Date "2024.05.10"]
[Round "1.1"]
[White "Caruana, Fabiano"]
[Black "Hakobyan, Aram"]
[Result "1/2-1/2"]
[WhiteTitle "GM"]
[BlackTitle "GM"]
[WhiteElo "2805"]
[BlackElo "2617"]
[WhiteFideId "2020009"]
[BlackFideId "13306677"]
[EventDate "2024.05.10"]
[EventType "k.o."]

1. e4 e5 2. Nf3 Nc6 3. Bc4 Bc5 4. O-O d6 5. c3 Bb6 6. Re1 h6 7. d3 Nge7 8. a4
O-O 9. Nbd2 Ng6 10. Bb3 Kh8 11. Nc4 Na5 12. Nxb6 Nxb3 13. Qxb3 axb6 14. Be3 f5
15. exf5 Bxf5 16. d4 e4 17. Nd2 Qd7 18. a5 bxa5 19. Qxb7 Nh4 20. Kh1 Rab8 21.
Qd5 Rxb2 22. Rg1 Rb5 23. Qa2 Bg6 24. d5 Ra8 25. Qa4 Bf5 26. c4 Rbb8 27. Qc2 Re8
28. Qc3 Kh7 29. Rxa5 Rxa5 30. Qxa5 Bg6 31. Nf1 Nf5 32. Ng3 Nxg3+ 33. hxg3 c6 34.
dxc6 Qxc6 35. Rc1 Ra8 36. Qc3 Rc8 37. Bd4 Rc7 38. g4 Qd7 39. Qg3 Qe6 40. c5 Rc6
41. Qf4 dxc5 42. Bxc5 Qf6 43. Qe3 Qg5 44. Qxg5 hxg5 45. Kh2 Bf7 46. Kg3 Kg6 47.
Rc3 Be6 48. f3 exf3 49. gxf3 Bf7 50. Bd4 Rxc3 51. Bxc3 Be6 52. Bxg7 Kxg7 53. f4
gxf4+ 54. Kxf4 Bxg4 1/2-1/2

[Event "Chess.com Classic Div 2 W"]
[Site "chess.com INT"]
[Date "2024.05.10"]
[Round "1.1"]
[White "Esipenko, Andrey"]
[Black "Rakhmanov, Aleksandr"]
[Result "0-1"]
[WhiteTitle "GM"]
[BlackTitle "GM"]
[WhiteElo "2704"]
[BlackElo "2614"]
[WhiteFideId "24175439"]
[BlackFideId "4173708"]
[EventDate "2024.05.10"]
[EventType "k.o."]

1. d4 Nf6 2. Nf3 g6 3. Nbd2 d5 4. b4 Bg7 5. e3 a5 6. b5 c5 7. bxc6 Nxc6 8. a3
O-O 9. Bb2 Bf5 10. Be2 Ne4 11. O-O Rc8 12. c4 Nxd2 13. Nxd2 dxc4 14. Bxc4 Na7
15. Rc1 b5 16. Be2 Qb6 17. Nb3 Rxc1 18. Bxc1 e5 19. dxe5 Bxe5 20. Nd4 Rd8 21.
Qe1 Bxd4 22. exd4 Nc6 23. d5 Rxd5 24. Be3 Nd4 25. Kh1 b4 26. Bc4 Rd8 27. axb4
axb4 28. Qd2 b3 29. Qb2 Qb4 30. Bxd4 Qxc4 31. Bh8 Qxf1# 0-1

[Event "Chess.com Classic Div 2 W"]
[Site "chess.com INT"]
[Date "2024.05.10"]
[Round "1.1"]
[White "So, Wesley"]
[Black "Martinez Alcantara, Jose Eduardo"]
[Result "1-0"]
[WhiteTitle "GM"]
[BlackTitle "GM"]
[WhiteElo "2757"]
[BlackElo "2612"]
[WhiteFideId "5202213"]
[BlackFideId "3805662"]
[EventDate "2024.05.10"]
[EventType "k.o."]

1. d4 Nf6 2. c4 e6 3. Nf3 d5 4. g3 h6 5. Bg2 Bd6 6. O-O O-O 7. Qc2 Nbd7 8. Rd1
b6 9. Nc3 Bb7 10. cxd5 exd5 11. Nb5 Ba6 12. Nxd6 cxd6 13. Re1 Re8 14. Be3 Ne4
15. Qa4 Bb7 16. Rac1 a6 17. Nd2 Ndf6 18. Nf1 Ng4 19. Bf3 Ngf6 20. Bg2 Ng4 21.
Bf3 Ngf6 22. Rc2 b5 23. Qb3 Bc8 24. Bg2 Bf5 25. f3 Ng5 26. Rc3 Ne6 27. g4 Bg6
28. Ng3 Rc8 29. Rxc8 Qxc8 30. Rc1 Qd8 31. h4 Qb6 32. Qc3 h5 33. g5 Nd7 34. f4 b4
35. Qc6 Qa7 36. Qxd5 Nc7 37. Qf3 Nb5 38. Bf2 f5 39. Qb7 Qxb7 40. Bxb7 Nb8 41.
Bf3 Bf7 42. Nxf5 1-0

[Event "Chess.com Classic Div 2 W"]
[Site "chess.com INT"]
[Date "2024.05.10"]
[Round "1.2"]
[White "Dominguez Perez, Leinier"]
[Black "Kollars, Dmitrij"]
[Result "1-0"]
[WhiteTitle "GM"]
[BlackTitle "GM"]
[WhiteElo "2748"]
[BlackElo "2648"]
[WhiteFideId "3503240"]
[BlackFideId "12909572"]
[EventDate "2024.05.10"]
[EventType "k.o."]

1. e4 e5 2. Nf3 Nc6 3. Bc4 Nf6 4. d3 Bc5 5. c3 d6 6. Bg5 a6 7. Nbd2 Ba7 8. O-O
h6 9. Bh4 g5 10. Bg3 Na5 11. Bd5 c6 12. Bxf7+ Kxf7 13. b4 Kg7 14. bxa5 Nh5 15.
d4 Nxg3 16. fxg3 Qxa5 17. Nc4 Qc7 18. Kh1 Be6 19. Qd3 Rhf8 20. Ne3 Rae8 21. g4
Rf4 22. g3 Rf6 23. Nf5+ Kh8 24. h3 b5 25. Nd2 d5 26. Rae1 dxe4 27. Nxe4 Bd5 28.
Kh2 Rfe6 29. Qd2 exd4 30. Ned6 Rxe1 31. Rxe1 Re6 32. Rxe6 Bxe6 33. Qe1 Bxf5 34.
Nxf5 Qf7 35. cxd4 Qxa2+ 36. Kg1 Qf7 37. Qe5+ Kh7 38. Qd6 b4 39. Qxh6+ Kg8 40.
Qxg5+ Kh7 41. Qh6+ Kg8 42. Qxc6 Kh7 43. Qh6+ Kg8 44. Qxa6 Qe8 45. Qc4+ Kh8 46.
Qxb4 Qe2 47. Qf8+ 1-0

[Event "Chess.com Classic Div 2 W"]
[Site "chess.com INT"]
[Date "2024.05.10"]
[Round "1.2"]
[White "Dubov, Daniil"]
[Black "Bluebaum, Matthias"]
[Result "1-0"]
[WhiteTitle "GM"]
[BlackTitle "GM"]
[WhiteElo "2707"]
[BlackElo "2647"]
[WhiteFideId "24126055"]
[BlackFideId "24651516"]
[EventDate "2024.05.10"]
[EventType "k.o."]

1. d4 Nf6 2. Nf3 d5 3. c4 e6 4. g3 dxc4 5. Bg2 Nc6 6. Qa4 Bb4+ 7. Bd2 Nd5 8.
Bxb4 Nxb4 9. Nc3 a6 10. Ne5 O-O 11. Nxc6 Nxc6 12. Bxc6 bxc6 13. Qxc4 Rb8 14.
O-O-O e5 15. Qc5 exd4 16. Rxd4 Qf6 17. Rf4 Qd6 18. Qxd6 cxd6 19. Rd1 d5 20. h4
h6 21. e4 g5 22. Rf6 gxh4 23. Rxh6 hxg3 24. Rg1 f6 25. Rxg3+ Kf7 26. exd5 cxd5
27. Nxd5 Ke6 28. Rh5 Bb7 29. Nf4+ Kd6 30. Rd3+ Kc6 31. Nd5 Rbd8 32. Kd2 a5 33.
Kc3 Ba6 34. Ne7+ Kb6 35. Rdd5 Rfe8 36. Rhf5 Kc7 37. Rxd8 Kxd8 38. Nc6+ Kc7 39.
Nxa5 Re6 40. Nb3 Kb6 41. Nc5 Rc6 42. Kb4 Bc8 43. Na4+ Kc7 44. Rc5 Bd7 45. Nc3
Kd6 46. Nb5+ Ke7 47. Rxc6 Bxc6 48. Kc5 Be8 49. a4 Kd8 50. a5 Bh5 51. b4 Kd7 52.
Kb6 Kc8 53. a6 Bf3 54. Nd4 Bd5 55. Ka7 Kc7 56. b5 Kd6 57. b6 Kc5 58. Nf5 1-0

[Event "Chess.com Classic Div 2 W"]
[Site "chess.com INT"]
[Date "2024.05.10"]
[Round "1.2"]
[White "Hakobyan, Aram"]
[Black "Caruana, Fabiano"]
[Result "1/2-1/2"]
[WhiteTitle "GM"]
[BlackTitle "GM"]
[WhiteElo "2617"]
[BlackElo "2805"]
[WhiteFideId "13306677"]
[BlackFideId "2020009"]
[EventDate "2024.05.10"]
[EventType "k.o."]

1. d4 Nf6 2. c4 e6 3. Nf3 d5 4. Nc3 Nbd7 5. g3 Be7 6. Bg2 O-O 7. Ne5 c6 8. O-O
Nxe5 9. dxe5 Nd7 10. cxd5 exd5 11. f4 a5 12. Be3 b5 13. Bf2 b4 14. Na4 Ba6 15.
Rc1 Bb5 16. Re1 Rc8 17. e4 d4 18. Bxd4 c5 19. Bf2 c4 20. Bh3 Qe8 21. e6 fxe6 22.
Bxe6+ Kh8 23. Bxd7 Bxd7 24. Nb6 Rd8 25. Nxd7 Rxd7 26. Qe2 c3 27. bxc3 bxc3 28.
Red1 Rxd1+ 29. Qxd1 Qc6 30. Qd5 Qxd5 31. exd5 Rc8 32. Rc2 Bf6 33. g4 Rc4 34. g5
Be7 35. Be3 Kg8 36. Kf2 Bc5 37. Ke2 Bxe3 38. Kxe3 Kf7 39. Kd3 Rxf4 40. Rxc3 Ke7
41. Rc7+ Kd6 42. Rxg7 Rh4 43. Ra7 Rxh2 44. Rxa5 Rh4 45. Ke3 Rg4 46. a4 Rxg5 47.
Ra6+ Ke5 48. d6 Ke6 49. a5 h5 50. Kf4 Rb5 51. Kg3 Rd5 52. Ra8 Kxd6 53. Rd8+ Kc6
54. Rxd5 Kxd5 55. Kh4 Kc6 56. Kxh5 Kb7 57. a6+ Kxa6 1/2-1/2

[Event "Chess.com Classic Div 2 W"]
[Site "chess.com INT"]
[Date "2024.05.10"]
[Round "1.2"]
[White "Martinez Alcantara, Jose Eduardo"]
[Black "So, Wesley"]
[Result "1-0"]
[WhiteTitle "GM"]
[BlackTitle "GM"]
[WhiteElo "2612"]
[BlackElo "2757"]
[WhiteFideId "3805662"]
[BlackFideId "5202213"]
[EventDate "2024.05.10"]
[EventType "k.o."]

1. e4 e5 2. Bc4 Nf6 3. d3 c6 4. Nf3 d5 5. Bb3 Bd6 6. Nc3 O-O 7. Bg5 d4 8. Ne2
Nbd7 9. Ng3 Nc5 10. O-O h6 11. Bd2 a5 12. c3 dxc3 13. Bxc3 Re8 14. h3 Nxb3 15.
axb3 c5 16. Nh2 b6 17. Qf3 Bf8 18. Qe3 Ra7 19. f4 exf4 20. Qxf4 Bd6 21. Qf2 Be5
22. Bxe5 Rxe5 23. Nf3 Re8 24. e5 Nh7 25. d4 Bb7 26. Nh4 Qxd4 27. Qxd4 cxd4 28.
Rad1 Rxe5 29. Rxd4 Nf6 30. Nhf5 Kh7 31. Rd6 Ne4 32. Rd7 Nxg3 33. Nxg3 Rg5 34.
Kh2 Bxg2 35. Rxa7 Bxf1 36. Nxf1 Kg6 37. Rc7 Re5 38. Rc6+ f6 39. Rxb6 Re2+ 40.
Kg3 Rxb2 41. Rb5 f5 42. Ne3 Ra2 43. Rb6+ Kh7 44. Nxf5 a4 45. Rb7 Kg6 46. Ne7+
Kh5 47. Nd5 Ra3 48. Rxg7 Rxb3+ 49. Kf4 Rb5 50. Ke4 Kh4 51. Nf4 1-0

[Event "Chess.com Classic Div 2 W"]
[Site "chess.com INT"]
[Date "2024.05.10"]
[Round "1.2"]
[White "Oparin, Grigoriy"]
[Black "Sevian, Samuel"]
[Result "1-0"]
[WhiteTitle "GM"]
[BlackTitle "GM"]
[WhiteElo "2676"]
[BlackElo "2699"]
[WhiteFideId "24125890"]
[BlackFideId "2040506"]
[EventDate "2024.05.10"]
[EventType "k.o."]

1. Nf3 d5 2. e3 c5 3. b3 Nf6 4. Bb2 Nc6 5. Bb5 Bd7 6. c4 e6 7. O-O Bd6 8. cxd5
exd5 9. d4 cxd4 10. Bxd4 a6 11. Bxc6 bxc6 12. Ne5 O-O 13. Nxd7 Nxd7 14. Nd2 Re8
15. Rc1 Rc8 16. Qg4 Ne5 17. Bxe5 Bxe5 18. Rfd1 Qa5 19. Rc2 Bf6 20. g3 Re6 21.
Nf3 g6 22. Nd4 h5 23. Qe2 Rd6 24. Qf3 Be5 25. Kg2 Qb6 26. Qe2 a5 27. Nf3 Bf6 28.
Rdc1 Re8 29. Qd3 Re4 30. Nd2 Ree6 31. Rc5 Bb2 32. R1c2 Ba3 33. Qd4 Bb4 34. h4
Rd8 35. Nf3 Re4 36. Rxc6 Qb8 37. Qb6 Qxb6 38. Rxb6 Rd7 39. Nd4 Kg7 40. Rb5 Re8
41. Nc6 Re4 42. Nxb4 axb4 43. Rd2 d4 44. Rxb4 dxe3 45. Rxd7 Rxb4 46. fxe3 Kf6
47. Rd4 Rb7 48. Kf3 Ke5 49. Ra4 Rd7 50. Ra5+ Ke6 51. b4 Rd1 52. a4 Rb1 53. b5 f6
54. Ra6+ Kf5 55. b6 Rf1+ 56. Ke2 Rb1 57. Ra5+ 1-0

[Event "Chess.com Classic Div 2 W"]
[Site "chess.com INT"]
[Date "2024.05.10"]
[Round "1.2"]
[White "Rakhmanov, Aleksandr"]
[Black "Esipenko, Andrey"]
[Result "1/2-1/2"]
[WhiteTitle "GM"]
[BlackTitle "GM"]
[WhiteElo "2614"]
[BlackElo "2704"]
[WhiteFideId "4173708"]
[BlackFideId "24175439"]
[EventDate "2024.05.10"]
[EventType "k.o."]

1. c4 Nf6 2. Nf3 e6 3. e3 d5 4. b3 Be7 5. Bb2 O-O 6. Be2 b6 7. O-O Bb7 8. Nc3 c5
9. cxd5 Nxd5 10. d4 Nxc3 11. Bxc3 Nd7 12. Bb2 Rc8 13. Rc1 Nf6 14. Ne5 cxd4 15.
Rxc8 Qxc8 16. Bxd4 Rd8 17. Qa1 Ba3 18. Nc4 Be7 19. Ne5 Ba3 20. Nc4 Be7 21. Ne5 1/2-1/2

[Event "Chess.com Classic Div 2 W"]
[Site "chess.com INT"]
[Date "2024.05.10"]
[Round "1.3"]
[White "Caruana, Fabiano"]
[Black "Hakobyan, Aram"]
[Result "1/2-1/2"]
[WhiteTitle "GM"]
[BlackTitle "GM"]
[WhiteElo "2805"]
[BlackElo "2617"]
[WhiteFideId "2020009"]
[BlackFideId "13306677"]
[EventDate "2024.05.10"]
[EventType "k.o."]

1. e4 e5 2. Nf3 Nc6 3. Bb5 a6 4. Ba4 Nf6 5. O-O Nxe4 6. d4 b5 7. Bb3 d5 8. dxe5
Be6 9. c3 Bc5 10. Nbd2 O-O 11. Bc2 Bf5 12. Nb3 Bb6 13. Nbd4 Ne7 14. Nxf5 Nxf5
15. Qe2 Qd7 16. Bxe4 dxe4 17. Qxe4 Rae8 18. Bf4 f6 19. Rad1 Qe6 20. Qd5 g5 21.
Bg3 g4 22. Qxe6+ Rxe6 23. Nd4 Bxd4 24. cxd4 Nxg3 25. hxg3 fxe5 26. Rfe1 Rfe8 27.
d5 Rd6 28. Kf1 Kf7 29. Rc1 Rxd5 30. Rxc7+ Re7 31. Rxe7+ Kxe7 32. Ke2 b4 33. Rc1
Ra5 34. Rc4 Rxa2 35. Rxb4 Kf6 36. Kd3 h5 37. Rb6+ Kf5 38. Rb8 Ra1 39. Rf8+ Kg5
40. Ra8 Rb1 41. Rxa6 Rxb2 42. Ke3 Rb3+ 43. Ke4 Rb2 44. Ke3 Rb3+ 45. Ke4 Rb2 46.
Ke3 1/2-1/2

[Event "Chess.com Classic Div 2 W"]
[Site "chess.com INT"]
[Date "2024.05.10"]
[Round "1.3"]
[White "Aronian, Levon"]
[Black "Vidit, Santosh Gujrathi"]
[Result "1-0"]
[WhiteTitle "GM"]
[BlackTitle "GM"]
[WhiteElo "2730"]
[BlackElo "2722"]
[WhiteFideId "13300474"]
[BlackFideId "5029465"]
[EventDate "2024.05.10"]
[EventType "k.o."]

1. e4 c5 2. Nf3 d6 3. Bb5+ Nd7 4. a4 Nf6 5. Nc3 a6 6. Bc4 e6 7. d4 cxd4 8. Nxd4
Qc7 9. Qe2 Be7 10. Bxe6 fxe6 11. Nxe6 Qa5 12. Nxg7+ Kf7 13. Nf5 Re8 14. O-O Bf8
15. Bg5 d5 16. Rad1 dxe4 17. Nd5 Kg6 18. b4 Bxb4 19. Nh4+ Kf7 20. Qc4 Ne5 21.
Qxb4 Qxb4 22. Nxb4 Bg4 23. Bxf6 Kxf6 24. Nd5+ Kg5 25. f3 exf3 26. Nxf3+ Nxf3+
27. gxf3 Bh3 28. Nc7 Bxf1 29. Kxf1 h5 30. c4 Rac8 31. Nxe8 Rxe8 32. Rd5+ Kh4 33.
Kf2 Rc8 34. c5 a5 35. Ke3 Re8+ 36. Kd3 Re1 37. f4 Ra1 38. c6 bxc6 39. Rxa5 Kg4
40. f5 Kg5 41. Kd4 c5+ 42. Kxc5 Kxf5 43. Kb4+ Kg4 44. h3+ Kh4 45. Rc5 Rb1+ 46.
Ka3 Ra1+ 47. Kb3 Rb1+ 48. Ka2 Re1 49. Rc3 Re4 50. Ka3 Kg5 51. a5 h4 52. Kb3 Kf4
53. Rc4 1-0

[Event "Chess.com Classic Div 2 W"]
[Site "chess.com INT"]
[Date "2024.05.10"]
[Round "1.3"]
[White "Bluebaum, Matthias"]
[Black "Dubov, Daniil"]
[Result "1/2-1/2"]
[WhiteTitle "GM"]
[BlackTitle "GM"]
[WhiteElo "2647"]
[BlackElo "2707"]
[WhiteFideId "24651516"]
[BlackFideId "24126055"]
[EventDate "2024.05.10"]
[EventType "k.o."]

1. d4 Nf6 2. Nc3 d5 3. Bf4 c5 4. e3 Bg4 5. f3 Bd7 6. g4 h6 7. h4 Nc6 8. Qd2 Qa5
9. Nb5 Qxd2+ 10. Kxd2 Rc8 11. c3 a6 12. Na3 e6 13. Nc2 Kd8 14. Ne2 Ne8 15. Ng3
cxd4 16. exd4 Bd6 17. Bxd6 Nxd6 18. Bd3 Na5 19. Ne3 Bb5 20. Bxb5 axb5 21. b3 Kd7
22. Nh5 g6 23. Nf4 Nc6 24. Nd3 Ra8 25. Nc2 Ra7 26. Ncb4 Nxb4 27. Nxb4 h5 28. Kc2
Raa8 29. Nd3 Rh7 30. Nf4 hxg4 31. fxg4 Rah8 32. h5 gxh5 33. gxh5 Ne4 34. Rh3 Rh6
35. a4 bxa4 36. Rxa4 Rg8 37. Ra7 Kc7 38. Ra1 Rg5 39. c4 dxc4 40. bxc4 Nd6 41.
Kc3 Rf5 42. Rf1 Kc8 43. Rh4 e5 44. dxe5 Rxe5 45. Rd1 Re4 46. c5 Rc4+ 47. Kb3
Rxc5 48. Nd5 Nf5 49. Re4 Ng7 50. Re7 Rd6 51. Rxf7 Rcxd5 52. Rxd5 Rxd5 53. Rxg7
Rxh5 54. Kb4 Kb8 55. Rf7 1/2-1/2

[Event "Chess.com Classic Div 2 W"]
[Site "chess.com INT"]
[Date "2024.05.10"]
[Round "1.3"]
[White "Esipenko, Andrey"]
[Black "Rakhmanov, Aleksandr"]
[Result "1-0"]
[WhiteTitle "GM"]
[BlackTitle "GM"]
[WhiteElo "2704"]
[BlackElo "2614"]
[WhiteFideId "24175439"]
[BlackFideId "4173708"]
[EventDate "2024.05.10"]
[EventType "k.o."]

1. c4 e5 2. g3 Nc6 3. Bg2 Bc5 4. Nc3 d6 5. e3 h5 6. Nf3 Nf6 7. a3 a6 8. h3 Ba7
9. b4 Qe7 10. d3 Bd7 11. Bb2 Nd8 12. d4 exd4 13. Nxd4 Nc6 14. O-O Ne5 15. Nd5
Nxd5 16. cxd5 Nc4 17. Bc3 Nxe3 18. fxe3 Qxe3+ 19. Kh2 Qxc3 20. Qe2+ Kf8 21. Ne6+
Kg8 22. Rac1 Qe3 23. Qxe3 Bxe3 24. Rxc7 Be8 25. Re1 Bf2 26. Re2 fxe6 27. Rxf2 e5
28. Rxb7 Rh6 29. Rb6 Bb5 30. Be4 Rf8 31. Rxf8+ Kxf8 32. a4 Bxa4 33. Rxa6 Bb5 34.
Ra5 Bc4 35. b5 Rf6 36. Kg2 Bf1+ 37. Kg1 Bxh3 38. Ra1 Rf7 39. Ra8+ Ke7 40. b6 Kf6
41. Rb8 Kg5 42. Bd3 Kg4 43. b7 Kxg3 44. Ba6 Rf2 45. Rg8 Rg2+ 46. Kf1 Ra2+ 47.
Ke1 Ra1+ 48. Kd2 Ra2+ 49. Kc1 Ra1+ 50. Kb2 Rxa6 51. b8=Q 1-0

[Event "Chess.com Classic Div 2 W"]
[Site "chess.com INT"]
[Date "2024.05.10"]
[Round "1.3"]
[White "Sevian, Samuel"]
[Black "Oparin, Grigoriy"]
[Result "0-1"]
[WhiteTitle "GM"]
[BlackTitle "GM"]
[WhiteElo "2699"]
[BlackElo "2676"]
[WhiteFideId "2040506"]
[BlackFideId "24125890"]
[EventDate "2024.05.10"]
[EventType "k.o."]

1. e4 e5 2. Nf3 Nc6 3. Bb5 a6 4. Ba4 Nge7 5. O-O Ng6 6. Bb3 Be7 7. d4 d6 8. h3
O-O 9. Nc3 Na5 10. Nd5 Nxb3 11. axb3 Be6 12. c4 f5 13. dxe5 dxe5 14. Re1 fxe4
15. Nxe7+ Qxe7 16. Ng5 Nf4 17. Bxf4 exf4 18. Nxe4 f3 19. Qd2 fxg2 20. Ng5 Qd7
21. Rad1 Qxd2 22. Rxd2 Bf5 23. Kxg2 Rae8 24. Rxe8 Rxe8 25. Kg3 h6 26. Nf3 Kf7
27. Rd5 Kf6 28. Nd4 Be4 29. Rc5 Re7 30. f3 b6 31. Rh5 Rd7 32. fxe4 Rxd4 33. Rf5+
Ke6 34. Kf4 g5+ 35. Ke3 Rd1 36. Rf8 Rh1 37. Re8+ Kd7 38. Rh8 Rxh3+ 39. Kd4 g4
40. Kd5 Rd3+ 41. Ke5 Rxb3 42. Rh7+ Kc6 43. Rxh6+ Kc5 44. Rh2 g3 45. Rc2 Rf3 46.
Ke6 Rf2 47. Rc3 g2 48. Rg3 Rxb2 49. e5 a5 50. Kd7 Rd2+ 51. Kxc7 Re2 52. Rg5 a4
53. e6+ Kxc4 54. Kd6 a3 55. e7 Rxe7 56. Rg4+ Kb5 57. Rg5+ Ka6 58. Rxg2 Re3 59.
Kd5 Kb5 60. Kd4 Rh3 61. Rg8 Kb4 62. Ra8 b5 0-1

[Event "Chess.com Classic Div 2 W"]
[Site "chess.com INT"]
[Date "2024.05.10"]
[Round "1.3"]
[White "So, Wesley"]
[Black "Martinez Alcantara, Jose Eduardo"]
[Result "1/2-1/2"]
[WhiteTitle "GM"]
[BlackTitle "GM"]
[WhiteElo "2757"]
[BlackElo "2612"]
[WhiteFideId "5202213"]
[BlackFideId "3805662"]
[EventDate "2024.05.10"]
[EventType "k.o."]

1. d4 d5 2. Nc3 Nf6 3. Bf4 c5 4. e3 cxd4 5. exd4 Bg4 6. f3 Bd7 7. Qd2 a6 8.
O-O-O e6 9. g4 Nc6 10. Nge2 Rc8 11. Kb1 Qb6 12. Qe1 Bb4 13. g5 Ng8 14. Bd2 Nge7
15. Na4 Qa5 16. Nc5 Bxd2 17. Qxd2 Qxd2 18. Rxd2 Rc7 19. c3 h6 20. f4 Nf5 21. Ng3
Nd6 22. h4 g6 23. h5 hxg5 24. hxg6 Rxh1 25. Nxh1 fxg6 26. fxg5 e5 27. dxe5 Bf5+
28. Kc1 Nxe5 29. Rxd5 Nef7 30. Ng3 Ke7 31. Bd3 Bxd3 32. Nxd3 Rc4 33. Ne2 Rg4 34.
Nef4 Rxg5 35. Rxg5 Nxg5 36. Nxg6+ Kd7 37. Kc2 Kc7 38. b4 b6 39. Ngf4 Nge4 40.
Ne5 a5 41. Nd5+ Kb7 42. a3 axb4 43. axb4 Ng5 44. Kd3 Ne6 45. c4 Nc5+ 46. Kc3 Na6
47. b5 Nc5 48. Nd3 Nce4+ 49. Kb4 Nxc4 50. Kxc4 Nd6+ 51. Kb4 Nxb5 52. Kxb5 Kc8
53. N3b4 Kd7 54. Nc3 Kd6 55. Na4 Ke5 56. Nb2 Kd4 57. Nc4 Kc3 58. Nd6 Kd4 59. Kc6
b5 60. Kb6 Ke3 61. Kc5 Kf4 62. Kd4 Kf3 63. Ke5 Ke3 64. Nf5+ Kf3 65. Ne7 Ke3 66.
Ned5+ Kf3 67. Kf5 Kg3 68. Nf6 Kf3 69. Ng4 Kg3 70. Ne5 Kh4 71. Kf4 Kh5 72. Kf5
Kh4 73. Nec6 Kg3 74. Nd4 Kh4 75. Ne6 Kg3 76. Ng5 Kh4 77. Nd5 b4 78. Kf4 b3 79.
Nc3 b2 80. Nf3+ Kh5 81. Ng5 b1=N 82. Nxb1 1/2-1/2

[Event "Chess.com Classic Div 2 W"]
[Site "chess.com INT"]
[Date "2024.05.10"]
[Round "1.3"]
[White "Vachier-Lagrave, Maxime"]
[Black "Van Foreest, Jorden"]
[Result "1/2-1/2"]
[WhiteTitle "GM"]
[BlackTitle "GM"]
[WhiteElo "2732"]
[BlackElo "2665"]
[WhiteFideId "623539"]
[BlackFideId "1039784"]
[EventDate "2024.05.10"]
[EventType "k.o."]

1. e4 e5 2. Nf3 Nc6 3. Bb5 a6 4. Ba4 Nf6 5. O-O Be7 6. d3 b5 7. Bb3 d6 8. a3 a5
9. c4 Bg4 10. Be3 bxc4 11. Bxc4 O-O 12. Nc3 Rb8 13. Qa4 Bxf3 14. Qxc6 Bg4 15.
Nd5 Nxd5 16. Bxd5 Bd7 17. Qc3 c6 18. Ba2 c5 19. Rab1 Kh8 20. f4 exf4 21. Bxf4
Be6 22. Bxe6 fxe6 23. b3 Bf6 24. e5 dxe5 25. Bxe5 Bxe5 26. Rxf8+ Qxf8 27. Qxe5
Qd8 28. h3 a4 29. Qc3 Qb6 30. Qc4 axb3 31. Rb2 h6 32. a4 Qa7 33. Kh1 Qb6 34. Kg1
e5 35. Kh2 Qb4 36. a5 e4 37. a6 Qa3 38. Qxe4 Qxa6 39. Qe5 Qb6 40. h4 Qb4 41. g3
Qb5 42. Qd5 Qb6 43. Qe5 Qa7 44. Re2 Qb7 45. Rb2 Qb4 46. Kh3 Qb7 47. Kh2 Qb6 48.
Qd5 Qb5 49. Qe5 Rb6 50. Qd5 Qb4 51. h5 Qd4 52. Qxd4 cxd4 53. Kg2 Kg8 54. Kf3 Kf7
55. Ke4 Rb4 56. Kd5 Kf6 57. Kc5 Rb8 58. Kxd4 Kg5 59. Kc4 Kxh5 60. Rxb3 Rc8+ 61.
Kd5 Kg4 62. d4 g5 63. Ke6 h5 64. d5 h4 65. gxh4 gxh4 66. d6 h3 67. Rxh3 Kxh3 68.
d7 Rd8 69. Ke7 Rxd7+ 70. Kxd7 1/2-1/2

[Event "Chess.com Classic Div 2 W"]
[Site "chess.com INT"]
[Date "2024.05.10"]
[Round "1.4"]
[White "Dominguez Perez, Leinier"]
[Black "Kollars, Dmitrij"]
[Result "1/2-1/2"]
[WhiteTitle "GM"]
[BlackTitle "GM"]
[WhiteElo "2748"]
[BlackElo "2648"]
[WhiteFideId "3503240"]
[BlackFideId "12909572"]
[EventDate "2024.05.10"]
[EventType "k.o."]

1. e4 e5 2. Nf3 Nc6 3. Bc4 Nf6 4. d3 Be7 5. O-O O-O 6. a4 d5 7. exd5 Nxd5 8. a5
a6 9. Re1 Bg4 10. c3 Kh8 11. h3 Bh5 12. Nbd2 f6 13. Ne4 Qd7 14. Nxe5 Nxe5 15.
Qxh5 f5 16. Nc5 Bxc5 17. Rxe5 c6 18. Qf3 Bd6 19. Re2 Rae8 20. Rxe8 Rxe8 21. Bd2
Bc7 22. b4 g6 23. Re1 Rxe1+ 24. Bxe1 Kg7 25. Bd2 Qe6 26. Kf1 Be5 27. Qe2 Kf7 28.
d4 Bd6 29. Qxe6+ Kxe6 30. g3 Kf6 31. h4 Bf8 32. Ke2 h6 33. Kd3 g5 34. hxg5+ hxg5
35. Kc2 g4 36. Kb3 Ke6 37. Bd3 Nf6 38. c4 Ne4 39. Be3 Bg7 40. b5 cxb5 41. cxb5
axb5 42. Bxb5 Kd5 43. Bc4+ Kd6 44. Kb4 Kc6 45. Be6 Bf8+ 46. Ka4 Nd6 47. d5+ Kc7
48. Bb6+ Kb8 49. Kb3 Bg7 50. Kc2 Be5 51. Kd3 Ka8 52. Bc7 f4 53. gxf4 Bxf4 54.
Bxg4 Ka7 55. Bb6+ Kb8 56. Be6 Ne8 57. Bd4 Bd6 58. Ke4 Bb4 59. Bb6 Nd6+ 60. Kd3
Ne8 61. f4 Nf6 62. f5 Bd6 63. Bd4 Be7 64. Be5+ Ka7 65. d6 Bd8 66. Bd4+ Ka6 67.
Bc3 Kb5 68. Bc4+ Kc6 69. Be5 Ng4 70. Bf4 Bxa5 71. Ke4 Bb4 72. Bd5+ Kd7 73. Be6+
Kc6 74. Bd5+ Kd7 75. Bxb7 Bxd6 76. Bd2 Nf6+ 77. Kf3 Ke7 78. Bg5 Be5 79. Bd5 Kd6
80. Be6 Ke7 81. Kg2 Kf8 82. Kh3 Kg7 83. Kh4 Bd4 84. Bf4 Ne4 85. Kg4 Nf6+ 86. Kf3
Bc5 87. Be5 Be7 88. Ke3 Kh6 89. Kd4 Kg5 90. Kd3 Ng4 91. Bc3 Nf6 92. Bd2+ Kg4 93.
Kd4 Bd6 94. Bc1 Bf4 95. Ba3 Kg5 96. Be7 Bc7 97. Kc5 Be5 98. Kc6 Kf4 99. Bd8 Ne4
100. Kd7 Bf6 101. Ba5 Ng3 102. Bd2+ Ke4 103. Be1 Nxf5 104. Bxf5+ Kxf5 1/2-1/2